Vida de Ramón Pérez de Ayala / (Record no. 171795)

MARC details
000 -LEADER
campo de control de longitud fija 00559nam a22001815i 4500
001 - NÚMERO DE CONTROL
campo de control 171795
003 - IDENTIFICADOR DE NÚMERO DE CONTROL
campo de control ES-MaACL
005 - FECHA Y HORA DE LA ÚLTIMA TRANSACCIÓN
campo de control 20231226204639.0
008 - DATOS DE LONGITUD FIJA--INFORMACIÓN GENERAL
campo de control de longitud fija 090601s1979 sp |||| | spa d
080 ## - NÚMERO DE LA CLASIFICACIÓN DECIMAL UNIVERSAL
Número de la Clasificación Decimal Universal 929 Pérez de Ayala, Ramón
100 1# - ENTRADA PRINCIPAL--NOMBRE DE PERSONA
Nombre de persona Solís, Jesús-Andrés.
9 (RLIN) 107213
245 10 - MENCIÓN DEL TÍTULO
Título Vida de Ramón Pérez de Ayala /
Mención de responsabilidad, etc. Jesús-Andrés Solís.
260 ## - PUBLICACIÓN, DISTRIBUCIÓN, ETC.
Lugar de publicación, distribución, etc. [Oviedo :
Nombre del editor, distribuidor, etc. El autor,
Fecha de publicación, distribución, etc. 1979]
300 ## - DESCRIPCIÓN FÍSICA
Extensión 193 p. ;
Dimensiones 17 cm.
600 14 - PUNTO DE ACCESO ADICIONAL DE MATERIA--NOMBRE DE PERSONA
Nombre de persona Pérez de Ayala, Ramón,
Fechas asociadas al nombre 1880-1962
9 (RLIN) 90763
852 ## - LOCALIZACIÓN
Ubicación ES-MaACL
Número de control de estantería L-7955
itemnumber R.108328
Holdings
Estatus retirado Estado de pérdida Estado de daño No para préstamo Biblioteca de origen Biblioteca actual Ubicación en estantería Fecha de adquisición Fuente de adquisición Total de préstamos Signatura topográfica completa Código de barras Visto por última vez Precio de reemplazo Tipo de ítem Koha
        Biblioteca del Ateneo de Madrid Biblioteca del Ateneo de Madrid Depósito 2 01/06/2009     L-7955 1180293 23/02/2023 23/02/2023 Libro impreso